Destin-Fort Walton Beach Airport Destinations (Destin, FL, USA) - Map - Statistics

General Stats
  • This quiz has been taken 12 times
  • The average score is 40 of 46
Answers on the Map
Answers color-coded by a green-red scale on the quiz's map according to % correct below.
 
Answer Stats
Destination % Correct
Atlanta
100%
Baltimore
100%
Boston
100%
Charlotte
100%
Chicago (Midway)
100%
Chicago (O'Hare)
100%
Cincinnati
100%
Dallas/Fort Worth
100%
Dallas (Love)
100%
Denver
100%
Detroit
100%
Houston (Hobby)
100%
Indianapolis
100%
Kansas City
100%
Las Vegas
100%
Miami
100%
Minneapolis/St. Paul
100%
Nashville
100%
Newark
100%
New York (JFK)
100%
New York (LaGuardia)
100%
Philadelphia
100%
Washington (Dulles)
100%
Washington (National)
100%
Belleville/St. Louis
91%
Louisville
91%
Pittsburgh
91%
St. Louis
91%
Akron/Canton
82%
Columbus (Rickenbacker)
82%
Des Moines
82%
Little Rock
82%
Oklahoma City
82%
Springfield/Branson
82%
Tulsa
82%
Grand Rapids
73%
Knoxville
73%
Omaha
73%
Wichita
73%
Flint
64%
Columbia (MO)
55%
Fayetteville/Bentonville
55%
Peoria
55%
Evansville
45%
Huntington
36%
Clarksburg
27%
No matching quizzes found
Score Distribution
Percent of People with Each Score
Percentile by Number Answered
Your Score History
You have not taken this quiz